|
|
|
|
| LEADER |
00000nab a2200000 a 4500 |
| 001 |
vtls000602550 |
| 003 |
SK-MaSNL |
| 005 |
20260304013310.0 |
| 008 |
160401c1995 xo 0 slo |
| 015 |
|
|
|a SNBRA19rr/mm-uuuuu
|
| 035 |
|
|
|a CL0602689
|
| 040 |
|
|
|a SNKBUCL
|b slo
|c SNKBUCL
|e AACR2
|
| 041 |
0 |
|
|a slo
|
| 044 |
|
|
|a xo
|c SK
|
| 080 |
|
|
|a 628.94:514.75
|2 1981
|
| 080 |
|
|
|a 514.75
|2 1981
|
| 100 |
1 |
|
|a Raditschová, Jana
|4 aut
|9 791024
|
| 245 |
1 |
0 |
|a Priama metóda skúmania kriviek, ktoré vytvárajú reflektorové plochy
|c Jana Raditschová, Elena Pastuchová, Alfonz Smola
|
| 300 |
|
|
|b Obr. 1, lit. 4 zázn. v češ., ruš., slov.
|
| 650 |
0 |
7 |
|a reflektory
|2 snkbucl
|9 51034
|
| 650 |
0 |
7 |
|a krivky
|2 snkbucl
|9 1294115
|
| 650 |
0 |
7 |
|a diferenciálne rovnice
|2 snkbucl
|9 63334
|
| 655 |
|
7 |
|a články zo zborníkov
|2 snkbucl
|9 166140
|
| 700 |
1 |
|
|a Pastuchová, Elena
|4 aut
|9 775824
|
| 700 |
1 |
|
|a Smola, Alfonz,
|d 1951-
|4 aut
|9 219532
|
| 773 |
0 |
|
|z 8023303333
|t Svetlo '95
|d Bratislava : Dom techniky ZS VTS, 1995
|g S. 106-109
|
| 850 |
|
|
|a Slovenská národná knižnica v Martine
|a MTA001
|
| 852 |
|
|
|a SNK
|b KIS3GCP
|
| 958 |
|
|
|a RK
|
| 958 |
|
|
|a RZB
|
| 999 |
|
|
|c 2575212
|d 2577142
|